Числа - язык науки: пер. с англ.

Detaylı Bibliyografya
Yazar: Данциг Т. Тобиас
Diğer Yazarlar: Мазур Ж. Жозеф (редактор)
Özet:Можно сказать, что эта книга открывает дорогу к математике. Данциг объясняет основы математики очень просто, красноречиво рассказывая о глубоких философских проблемах, которые появились на этом пути. Он описывает свойства всех типов чисел — целых, простых, иррациональных, трансцендентных и других; объясняет важность введения понятия нуля и показывает, какую революцию в арифметике вызвало появление этой цифры. Автор показывает, как изобретение символов для алгебраических преобразований положило начало новой эпохе в математике; как арифметика и геометрия связаны между собой и как используется понятие бесконечности для моделирования непрерывности пространства и времени. Впервые эта книга была издана в 1930 году. Спустя более чем 50 лет Джозеф Мазур написал к ней новое послесловие, замечания и библиографическую справку, а Барри Мазур — предисловие. Эта книга рассказывает о том, как появились самые замечательные гении в истории человечества, как погоня за знаниями приводила к расцвету и закату цивилизаций.
Dil:Rusça
Baskı/Yayın Bilgisi: Москва, Техносфера, 2008
Seri Bilgileri:Для кофейников
Konular:
Materyal Türü: Kitap
KOHA link:https://koha.lib.tpu.ru/cgi-bin/koha/opac-detail.pl?biblionumber=168213

MARC

LEADER 00000nam0a2200000 4500
001 168213
005 20231101222737.0
010 |a 9785948361727 
035 |a (RuTPU)RU\TPU\book\182507 
090 |a 168213 
100 |a 20091026d2008 km y0rusy50 ca 
101 1 |a rus  |c eng 
102 |a RU 
105 |a a z 000zy 
200 1 |a Числа - язык науки  |e пер. с англ.  |f Т. Данциг  |g под ред. Ж. Мазура 
210 |a Москва  |c Техносфера  |d 2008 
215 |a 304 с.  |c ил. 
225 1 |a Для кофейников 
330 |a Можно сказать, что эта книга открывает дорогу к математике. Данциг объясняет основы математики очень просто, красноречиво рассказывая о глубоких философских проблемах, которые появились на этом пути. Он описывает свойства всех типов чисел — целых, простых, иррациональных, трансцендентных и других; объясняет важность введения понятия нуля и показывает, какую революцию в арифметике вызвало появление этой цифры. Автор показывает, как изобретение символов для алгебраических преобразований положило начало новой эпохе в математике; как арифметика и геометрия связаны между собой и как используется понятие бесконечности для моделирования непрерывности пространства и времени. Впервые эта книга была издана в 1930 году. Спустя более чем 50 лет Джозеф Мазур написал к ней новое послесловие, замечания и библиографическую справку, а Барри Мазур — предисловие. Эта книга рассказывает о том, как появились самые замечательные гении в истории человечества, как погоня за знаниями приводила к расцвету и закату цивилизаций. 
606 1 |a Чисел теория  |2 stltpush  |3 (RuTPU)RU\TPU\subj\18752  |9 44127 
610 1 |a числа 
610 1 |a арифметика 
610 1 |a математика 
610 1 |a символы 
610 1 |a история 
675 |a 511  |v 3 
700 1 |a Данциг  |b Т.  |g Тобиас 
702 1 |a Мазур  |b Ж.  |g Жозеф  |4 340 
801 1 |a RU  |b 63413507  |c 20091026 
801 2 |a RU  |b 63413507  |c 20140508  |g RCR 
942 |c BK 
959 |a 110/20091026  |d 1  |e 325,00  |f ЧЗТЛ:1